Botão procura casa (Registo nº 3878)

Detalhes MARC
000 -Etiqueta do registo
Cabeçalho 00625nam0a2200229 4500
005 - Identificador da versão
Campo de controlo 20240813122046.0
100 ## - Dados gerais de processamento
Dados gerais de processamento 20170518d1979 c y0pory5003 ba
102 ## - Pais de publicação ou produção
País de publicação Portugal
101 0# - Língua de publicação
Língua do texto, banda sonora, etc. Português
215 ## - Descrição física 
Indicação específica da natureza do documento e extensão da espécie 14, [2] p.
Outras indicações físicas il. color
200 1# - Titulo e menção de responsabilidade
Título próprio Botão procura casa
Primeira menção de responsabilidade Garcia Barreto
Outras menções de responsabilidade il. Fred
225 1# - Colecção 
Título próprio da colecção Caracol
Indicação de volume 17
210 ## - Publicação, Distribuição, etc. 
Lugar da edição, distribuição, etc. Lisboa
Nome do editor, distribuidor, etc. Plátano Ed.
Data da publicação, distribuição, etc. 1979
606 ## - Nome comum usado como assunto
Número de registo de entrada de autoridade 0001335
Palavra de ordem Literatura portuguesa
Subdivisão de assunto Conto
Código do sistema CA
675 ## - Classificação Decimal Universal (CDU)
Notação 821.134.3-34
Edição 3ª ed.
Língua da edição por
702 #0 - Nome de autor-pessoa física (responsabilidade secundária)
Número de registo de entrada de autoridade 0001882
Palavra de ordem Fred
Código de função Ilustrador / Técnico de desenho computorizado
700 #1 - Nome de autor-pessoa física (responsabilidade principal)
Número de registo de entrada de autoridade 0000333
Palavra de ordem Barreto
Outra parte do nome não tomada para palavra de ordem Garcia
966 ## - Identificação da Biblioteca
Sigla EBVEN
942 ## - Elementos de entrada adicionados (Koha)
Tipo de item no Koha Livro
Exemplares
Situação do levantamento Origin of item (home branch) (coded) Biblioteca de empréstimo Código de barras Cota Circulation type (not for loan) Tipo de documento Nota do exemplar Damaged status
  Biblioteca Escolar das Vendas Biblioteca Escolar das Vendas BEV229 8POR BAR   Livro Sem mensagem  
  Biblioteca Escolar das Vendas Biblioteca Escolar das Vendas BEV626 8POR BAR   Livro Sem mensagem